| 000 -CABECERA |
| Longitud fija campo de control |
00579nam a2200169 a 4500 |
| 001 - NÚMERO DE CONTROL |
| Número de control |
3142 |
| 003 - IDENTIFICADOR DEL NÚMERO DE CONTROL |
| Identificador del número de control |
CDMR |
| 005 - FECHA Y HORA DE LA ÚLTIMA TRANSACCIÓN |
| Fecha y hora de la última transacción |
20130322124017.0 |
| 008 - CÓDIGOS DE INFORMACIÓN DE LONGITUD FIJA |
| Códigos de información de longitud fija |
130130s2000||||||||||||||||||||||||||||d |
| 020 ## - NÚMERO INTERNACIONAL NORMALIZADO PARA LIBROS |
| Número Internacional Normalizado para Libros (ISBN) |
8484370372 |
| 040 ## - FUENTE DE LA CATALOGACIÓN |
| Centro catalogador de origen |
CDMR |
| Lengua de catalogación |
cat |
| Centro transcriptor |
CPC GIRONA |
| 100 1# - PUNTO DE ACCESO PRINCIPAL-NOMBRE DE PERSONA |
| Nombre de persona |
Busquets i Grabulosa, Lluís |
| 9 (RLIN) |
2225 |
| 245 10 - MENCIÓN DE TÍTULO |
| Título |
Plantem-nos |
| Resto del título |
: temes vius i pendents per al tombant de mil·leni |
| Mención de responsabilidad, etc. |
Lluis Busquets i Grabulosa, Lluís M. Xirinacs i Damians ; pròleg de Josep M. Terricabras ; epíleg de Jordi Sales Coderch |
| 260 ## - PUBLICACIÓN, DISTRIBUCIÓN, ETC. (PIE DE IMPRENTA) |
| Fecha de publicación, distribución, etc. |
2000 |
| Nombre del editor, distribuidor, etc. |
Proa |
| Lugar de publicación, distribución, etc. |
Barcelona |
| 490 0# - MENCIÓN DE SERIE |
| Mención de serie |
Debat |
| Designación de volumen o secuencia |
3 |
| 942 ## - ENTRADA DE ELEMENTOS AGREGADOS (KOHA) |
| Koha [por defecto] tipo de item |
Monografies |
| Fuente de clasificaión o esquema |
|